Reconocimiento del rio Buta-Palena i del canal Fallos por el vapor de la republica "Toro" bajo la direccion del capitan graduado de fragata Don Ramon Serrano M. (Record no. 165234)

MARC details
000 -LEADER
campo de control de longitud fija 00824nam a22002055i 4500
001 - NÚMERO DE CONTROL
campo de control 165234
003 - IDENTIFICADOR DE NÚMERO DE CONTROL
campo de control ES-MaACL
005 - FECHA Y HORA DE LA ÚLTIMA TRANSACCIÓN
campo de control 20230906213107.0
008 - DATOS DE LONGITUD FIJA--INFORMACIÓN GENERAL
campo de control de longitud fija 050818s1886 cl a | |||||||| ||spa d
040 ## - FUENTE DE CATALOGACIÓN
Centro catalogador/agencia de origen CAM
Lengua de catalogación spa
Centro/agencia transcriptor CAM
100 1# - ENTRADA PRINCIPAL--NOMBRE DE PERSONA
Nombre de persona Serrano, Ramón.
9 (RLIN) 132678
245 10 - MENCIÓN DEL TÍTULO
Título Reconocimiento del rio Buta-Palena i del canal Fallos por el vapor de la republica "Toro" bajo la direccion del capitan graduado de fragata Don Ramon Serrano M.
260 ## - PUBLICACIÓN, DISTRIBUCIÓN, ETC.
Lugar de publicación, distribución, etc. Santiago de Chile :
Nombre del editor, distribuidor, etc. Imprenta Nacional,
Fecha de publicación, distribución, etc. 1886.
300 ## - DESCRIPCIÓN FÍSICA
Extensión 136 p., [2] h. pleg. de mapas ;
Dimensiones 23 cm.
599 ## - NOTA A LAS ILUSTRACIONES
NOTA A LAS ILUSTRACIONES Las h. pleg. de mapas: "Cárlos M. Prieto"
650 #4 - PUNTO DE ACCESO ADICIONAL DE MATERIA--TÉRMINO DE MATERIA
Término de materia o nombre geográfico como elemento de entrada Ríos-
Subdivisión geográfica Chile.
9 (RLIN) 136839
651 #4 - PUNTO DE ACCESO ADICIONAL DE MATERIA--NOMBRE GEOGRÁFICO
Nombre geográfico Río Buta-Palena (Chile)
9 (RLIN) 137350
651 #4 - PUNTO DE ACCESO ADICIONAL DE MATERIA--NOMBRE GEOGRÁFICO
Nombre geográfico Canal Fallos (Chile)
9 (RLIN) 137080
852 ## - LOCALIZACIÓN
Ubicación ES-MaACL
Número de control de estantería T-462-F-1
Nota libre -- Enc. hol.
-- -- Enc. en un vol. facticio
Holdings
Estatus retirado Estado de pérdida Estado de daño No para préstamo Colección Biblioteca de origen Biblioteca actual Ubicación en estantería Fecha de adquisición Total de préstamos Signatura topográfica completa Código de barras Visto por última vez Precio de reemplazo Tipo de ítem Koha
        Colección de folletos Biblioteca del Ateneo de Madrid Biblioteca del Ateneo de Madrid Depósito folletos 17/01/2008   T-462-F-1 1173264 23/02/2023 23/02/2023 Folleto